00216nam a22000977a 4500003000400000082000800004100001600012245005200028260003000080300000800110SGT bATW aATWAL, A.S. aAGRICULTURAL PETS OF SOUTH AND THEIR MANAGEMENT bKALYANI PUBLICATIONc2015 a678